Emerging Trends In Plant Science; (Record no. 211108)

MARC details
000 -LEADER
fixed length control field 00729nam a22001817a 4500
005 - DATE AND TIME OF LATEST TRANSACTION
control field 20250425113328.0
010 ## - LCCN (DPL NO)
LC control number ENG-144754
020 ## - INTERNATIONAL STANDARD BOOK NUMBER
International Standard Book Number 9788195084289
Terms of availability 500.00
035 ## - SYSTEM CONTROL NUMBER
System control number EN-128286
037 ## - SOURCE OF ACQUISITION
Source of stock number/acquisition DBAD/PUB
082 ## - DEWEY DECIMAL CLASSIFICATION NUMBER
Classification number 580
245 ## - TITLE STATEMENT
Title Emerging Trends In Plant Science;
Statement of responsibility, etc Manju Madhavan,Jayalakshmi M, Karthika S Menon and Sheeja T Tharakan
Remainder of title REVIEW PAPER PROCEEDINGS/
260 ## - PUBLICATION, DISTRIBUTION, ETC. (IMPRINT)
Place of publication, distribution, etc Kerela
Name of publisher, distributor, etc Vimala College Publications
Date of publication, distribution, etc 2021
270 ## - ADDRESS
Address Vimala College(Autonomous),Thrissur
City Kerela
Telephone number 0487-2332080
Postal code 680009
Electronic mail address Vimalacollegepublications@gmail.com
300 ## - PHYSICAL DESCRIPTION
Extent 196 p.
Dimensions 25 cm(pbk)
700 ## - ADDED ENTRY--PERSONAL NAME
Personal name Madhavan Manju, M Jayalakshmi, Menon S Karthika and Tharakn T Sheeja
9 (RLIN) 80855
942 ## - ADDED ENTRY ELEMENTS (KOHA)
Source of classification or shelving scheme Dewey Decimal Classification
Item type English Books
Classification part 580
Call number suffix EME
Holdings
Withdrawn status Lost status Not for loan Collection code Home library Current library Date acquired Source of acquisition Cost, normal purchase price Full call number Barcode Copy number Cost, replacement price Koha item type
      Non-fiction Patel Nagar Patel Nagar 25/04/2025 DBAD 500.00 580 EME EN-128286 1 500.00 English Books

© Delhi Public Library
Hit Counter
free hit counter